000 00723nam a2200241 4500
008 b xx# eng u
010 _a2890
020 _a0127854355
020 _a9780127854359
040 _aLB-BrCRDP
082 _a304.2/K69e
100 1 _aKnight, C. Gregory
130 1 _lEN
245 1 0 _aEcology and change
_brural modernization in an African Community
_cC. Gregory Knight
260 _aNew York; London
_bAcademic Press
_cc1974
300 _axx, 300p. :
_bfig., tables
_c24cm
500 _aBibliography, index and glossary at the end
650 _aHuman ecology
650 _aSocial change
650 _aTanzania
_xRural conditions
942 _cBK
999 _c12633
_d12633